| 000 | 00931nam a2200241 a 4500 | ||
|---|---|---|---|
| 001 | 39952 | ||
| 003 | BD-RjUL | ||
| 005 | 20211209053112.0 | ||
| 008 | 160420s1985 bg ||||| |||| 00| 0 ben d | ||
| 020 | _c: Tk.15.00 | ||
| 035 | _a(BD-RjUL)40066 | ||
| 040 |
_aBD-RjUL _bben _cBD-RjUL |
||
| 041 | _aben | ||
| 082 |
_223 _a781.72914 _bGOB 1985 |
||
| 100 |
_aগোস্বামী, করুনাময় _9120447 |
||
| 245 | 1 | 0 |
_aবাংলা গান / _cকরুনাময় গোস্বামী |
| 260 |
_aঢাকা : _bবাংলা একাডেমী, _c১৯৮৫. |
||
| 300 |
_a১০৪ পৃ. ; _c১৮ সেমি. |
||
| 504 | _aগ্রন্থপনঞ্জি সংযুক্ত | ||
| 650 |
_aগান _vইতিহাস ও সমালোচনা _zদক্ষিন এশিয়া _9123057 |
||
| 650 |
_aMusic _vHIstory and criticism _zSouth Asia _9123058 |
||
| 942 |
_2ddc _cBK |
||
| 999 |
_c39952 _d39952 |
||